000 01207cam a22003377a 4500
003 CHAP
005 20220329142032.0
008 990326 1996 mx ab r 00010 spa d
010 _a77374
011 _a78346
035 _a88254
040 _cCHAP
090 _aFolleto 15229 v.44
100 0 0 _aCalderón de Rzedowski, Graciela.
_917385
245 1 0 _aFamilia Plumbaginaceae
_c/por Graciela Calderón de Rzedowski
260 _aPátzcuaro, Mich. :
_bInstituto de Ecología A.C. Centro Regional del Bajío,
_c1996.
300 _a11 p. :
_bilus. ; mapas
490 0 _aFlora del Bajío y de Regiones Adyacentes. Fascículo
_v; 44
590 _aBATCH-UPD
_b10
_c20130110
_lUCH01
_h0718
590 _aBATCH-UPD
_b10
_c20130110
_lUCH01
_h2348
590 _aBATCH-UPD
_b10
_c20130410
_lUCH01
_h0403
590 _aBATCH-UPD
_b10
_c20130914
_lUCH01
_h1416
590 _aCONVERSION
_b10
_c20130109
_lUCH01
_h1343
650 1 4 _aPlantas
_xIdentificación.
_988842
650 1 4 _aPlumbagináceas.
_989314
830 0 _aFlora del Bajío y de Regiones Adyacentes. Fascículo
_v; 44
_941324
901 _aBK
905 _aMayto Villalobos S.
942 _cFOLL
949 _aFolleto 15229 v.44
_bBC
_cFOLL
_d882541
_eTS1
_i88254
_sb
999 _c77374
_d77374